000 00866nam a2200217Ia 4500
003 GCL
008 140319s9999 xx 000 0 ara d
040 _aGCL /
_cGCL
082 0 4 _a331.62953
_bب ح
100 1 _aباقر سلمان النجار
245 1 0 _aحلم الهجرة للثروة :
_bالهجرة والعمالة المهاجرة فى الخليج العربى /
_cباقر سلمان النجار
250 _aالاولى
260 _aبيروت :
_bمركز دراسات الوحدة العربية ،
_c2001
300 _a216 ص ؛
_c24 سم
490 _aمركز دراسات الوحده العربية
_v0
650 0 4 _aالعمال المهاجرون
650 0 4 _aالعمالة
650 0 4 _aالعمل والعمال - العالم العربى
650 0 4 _aالهجرة - الجوانب الاقتصادية
942 _2ddc
_cBK
999 _c1961
_d1961